Offshore oil platform
El presente video muestra el proceso que lleva a cabo una empresa para el transporte de barcos, submarinos y plataformas petrolf̕eras.
Сохранить в:
| Другие авторы: | |
|---|---|
| Формат: | |
| Язык: | английский |
| Предметы: | |
| Online-ссылка: | Offshore oil platform |
| Метки: |
Добавить метку
Нет меток, Требуется 1-ая метка записи!
|
MARC
| LEADER | 00000nam a22000004a 4500 | ||
|---|---|---|---|
| 001 | vpro3339 | ||
| 005 | 20201223000000.0 | ||
| 008 | 121024s2012 ck # g## #001 0#eng#d | ||
| 020 | |||
| 022 | |||
| 040 | |a CO-BoINGC | ||
| 041 | 0 | |a eng | |
| 245 | 1 | 0 | |a Offshore oil platform |
| 246 | |a Transporte de plataforma petrolf̕era | ||
| 264 | |a Bogot ̀(Colombia) : |b Revista VirtualPRO, |c 2012 | ||
| 520 | 3 | |a El presente video muestra el proceso que lleva a cabo una empresa para el transporte de barcos, submarinos y plataformas petrolf̕eras. | |
| 650 | \ | \ | |a Combustibles |
| 650 | \ | \ | |a Combustibles fs̤iles |
| 650 | \ | \ | |a Industria petroqum̕ica |
| 650 | \ | \ | |a Industria del petrl̤eo |
| 650 | \ | \ | |a Refinera̕s de petrl̤eo |
| 650 | \ | \ | |a Fuels |
| 650 | \ | \ | |a Fossil fuels |
| 650 | \ | \ | |a Petrochemical industry |
| 650 | \ | \ | |a Petroleum industry |
| 650 | \ | \ | |a Petroleum refineries |
| 650 | \ | \ | |a petrl̤eo |
| 650 | \ | \ | |a gas natural |
| 650 | \ | \ | |a refinacin̤ |
| 650 | \ | \ | |a operaciones |
| 650 | \ | \ | |a procesos |
| 650 | \ | \ | |a reservorios |
| 650 | \ | \ | |a plataformas petroleras |
| 650 | \ | \ | |a transporte mart̕imo pesado |
| 650 | \ | \ | |a petroleum |
| 650 | \ | \ | |a natural gas |
| 650 | \ | \ | |a refining |
| 650 | \ | \ | |a operations |
| 650 | \ | \ | |a processes |
| 650 | \ | \ | |a reservoirs |
| 650 | \ | \ | |a wellheads |
| 650 | \ | \ | |a offshore oil platforms |
| 650 | \ | \ | |a heavy marine transport |
| 700 | \ | \ | |a Canal Dampierer RC / Youtube. |
| 856 | |z Offshore oil platform |u https://virtualpro.unach.elogim.com/biblioteca/transporte-de-plataforma-petrolifera | ||